Сохранение и изучение культурного наследия Алтайского края. Вып. 31 (Запись № 13509340)
[ простой вид ]
| 000 -МАРКЕР | |
|---|---|
| контрольное поле | 02273nam2a2200301 4500 |
| 001 - ИДЕНТИФИКАТОР ЗАПИСИ | |
| контрольное поле | RU\NLR\BIBL_A\022604052 |
| 005 - ИДЕНТИФИКАТОР ВЕРСИИ | |
| контрольное поле | 20260607064955.0 |
| 021 ## - НОМЕР ГОСУДАРСТВЕННОЙ РЕГИСТРАЦИИ | |
| Код страны | Российская Федерация |
| Номер | КН-П-25-037395 |
| Номер Листа государственной регистраци | КН-П-25-3668 |
| 035 ## - ДРУГИЕ СИСТЕМНЫЕ НОМЕРА | |
| Идентификатор записи | (NLR Aleph) 022604052 |
| 100 ## - ДАННЫЕ ОБЩЕЙ ОБРАБОТКИ | |
| Данные общей обработки | 20250819d2025 k y0rusy50 ca |
| 101 0# - ЯЗЫК РЕСУРСА | |
| Язык текста, звукозаписи и т.д. | русский |
| Язык резюме | английский |
| 102 ## - СТРАНА ПУБЛИКАЦИИ ИЛИ ПРОИЗВОДСТВА | |
| Страна публикации | Российская Федерация |
| 105 ## - ПОЛЕ КОДИРОВАННЫХ ДАННЫХ: ТЕКСТОВЫЕ МАТЕРИАЛЫ, МОНОГРАФИЧЕСКИЕ | |
| Кодированные данные о монографическом текстовом документе | ab z 100yy |
| 200 0# - ЗАГЛАВИЕ И СВЕДЕНИЯ ОБ ОТВЕТСТВЕННОСТИ | |
| Основное заглавие | Вып. 31 |
| Сведения, относящиеся к заглавию | материалы докладов XXXI Всероссийской научно-практической конференции (с международным участием) "Сохранение и изучение культурного наследия Алтайского края" |
| Первые сведения об ответственности | Министерство науки и высшего образования РФ Алтайский государственный университет |
| Последующие сведения об ответственности | главный редактор: А. А. Тишкин |
| 210 ## - ПУБЛИКАЦИЯ, РАСПРОСТРАНЕНИЕ И ДР. | |
| Дата издания, распространения и т.д. | 2025 |
| 215 ## - ФИЗИЧЕСКАЯ ХАРАКТЕРИСТИКА | |
| Специфическое обозначение материала и объем | 407 с. |
| Другие сведения о физической характеристике | ил., табл., карты |
| 300 ## - ОБЩИЕ ПРИМЕЧАНИЯ | |
| Текст примечания | Рез. англ. |
| 320 ## - ПРИМЕЧАНИЯ О НАЛИЧИИ В ДОКУМЕНТЕ БИБЛИОГРАФИИ / УКАЗАТЕЛЯ | |
| Текст примечания | Библиогр. в конце ст. |
| 461 #0 - УРОВЕНЬ НАБОРА | |
| Встроенное поле | 001RU\NLR\bibl\64509 |
| -- | 2001#$aСохранение и изучение культурного наследия Алтайского края$eМатериалы науч.-практ. конф.$f[Редкол.: д.ист.н. Ю.Ф. Кирюшин - отв. ред. и др.]$vВып. 31 |
| Системный номер (АБИС) связанной записи | 343854 |
| Место публикации | Барнаул |
| Дата публикации | 1998- |
| Первые сведения об ответственности | [Редкол.: д.ист.н. Ю.Ф. Кирюшин - отв. ред. и др.] |
| Имя издателя, распространителя и т.д. | Изд-во АГУ |
| Сведения, относящиеся к заглавию | Материалы науч.-практ. конф. |
| Заглавие | Сохранение и изучение культурного наследия Алтайского края |
| Номер тома | Вып. 31 |
| 702 #1 - ИМЯ ЛИЦА - ВТОРИЧНАЯ ОТВЕТСТВЕННОСТЬ | |
| Материалы, к которым относится поле | rus |
| Графика поля | Кириллица |
| Начальный элемент ввода | Тишкин |
| Часть имени, кроме начального элемента ввода | А. А. |
| Даты | 1963- |
| Расширение инициалов личного имени | Алексей Алексеевич |
| Идентификатор авторитетной/нормативной записи | RU\NLR\AUTH\7727308 |
| Системный номер авторитетной/нормативной записи | 10343 |
| 711 12 - НАИМЕНОВАНИЕ ОРГАНИЗАЦИИ - АЛЬТЕРНАТИВНАЯ ОТВЕТСТВЕННОСТЬ | |
| Начальный элемент ввода | "Сохранение и изучение культурного наследия Алтайского края", всероссийская научно-практическая конференция (с международным участием) |
| Порядковый номер временной организации и / или порядковый номер ее части | 31 |
| Место проведения временной организации | Барнаул |
| Дата проведения временной организации | 2025 |
| Системный номер авторитетной/нормативной записи | 2674398 |
| Идентификатор авторитетной/нормативной записи | RU\NLR\AUTH\880630204 |
| 852 ## - МЕСТОНАХОЖДЕНИЕ И ШИФР ХРАНЕНИЯ | |
| Идентификатор организации | NLR |
| Шифр хранения (Call Number) | 97-3/8183 |
| 942 ## - ДОПОЛНИТЕЛЬНЫЕ ЭЛЕМЕНТЫ ЗАПИСИ (АБИС) | |
| Тип экземпляра АБИС | Книга |
| 980 ## - КОЛЛЕКЦИЯ | |
| Название коллекции | Национальная библиография |
Нет доступных экземпляров.